| 000 | 00538nam a22001937a 4500 | ||
|---|---|---|---|
| 003 | OSt | ||
| 005 | 20140310182942.0 | ||
| 008 | 130204t xxu||||| |||| 00| 0 eng d | ||
| 020 | _a9711002094 | ||
| 050 |
_aHF 5549.2.P45 _b.An561 1985 |
||
| 082 |
_aSFf 658.3 _bAn2 1985 |
||
| 100 |
_aAndres D. Tomas _911851 |
||
| 245 |
_aManagement by Filipino values / _cAndres, Tomas D. |
||
| 260 |
_aQuezon City: _bNew Day, _cc1985. |
||
| 300 |
_a276 p. ; _c23 cm. _bill. ; |
||
| 526 | _c1210L-1700L | ||
| 942 |
_2lcc _cBK-SFU |
||
| 999 |
_c17755 _d17755 |
||